Použitie prepočtových kalkulácií pri tvorbe nového produktu bakalárska práca

Na minha lista:
Detalhes bibliográficos
Autor principal: Jaseňák, Sebastián
Autor Corporativo: Fakulta podnikového manažmentu EU. Katedra podnikovohospodárska
Outros Autores: Tóth, Miroslav, 1961-
Formato: Livro
Idioma:eslovaco
Publicado em: Bratislava 2024
Tags: Adicionar Tag
Sem tags, seja o primeiro a adicionar uma tag!

MARC

LEADER 00000nbm a2200000 4500
001 0301976
005 20250206091709.8
041 0 |a slo 
044 |a SK 
245 1 0 |a Použitie prepočtových kalkulácií pri tvorbe nového produktu  |b bakalárska práca  |c Sebastián Jaseňák ; školiteľ: Miroslav Tóth 
264 1 |a Bratislava  |c 2024 
300 |a 53 s. 
100 1 |a Jaseňák, Sebastián 
700 1 |a Tóth, Miroslav, 1961- 
710 2 |a Fakulta podnikového manažmentu EU. Katedra podnikovohospodárska